[Event "Douglas PokerStars op"]
[Site "Douglas"]
[Date "2015.10.07"]
[Round "5"]
[White "Cafolla, Peter"]
[Black "Ormsby, Alan"]
[Result "1/2-1/2"]
[WhiteElo "2067"]
[BlackElo "2031"]
[PlyCount "70"]
[EventDate "2015.10.03"]
[EventType "swiss"]
[EventRounds "9"]
[EventCountry "IOM"]
[SourceTitle "CBM 168 Extra"]
[Source "ChessBase"]
[SourceDate "2015.10.29"]
[SourceVersion "1"]
[SourceVersionDate "2015.10.29"]
[SourceQuality "1"]

1. d4 d5 2. c4 c6 3. Nf3 Nf6 4. Nc3 a6 5. Ne5 b5 6. c5 Bf5 7. Bf4 e6 8. e3 Be7 9. Be2 0-0 10. g4 Bg6 11. h4 Ne4 12. Nxg6 fxg6 13. Nxe4 dxe4 14. g5 Qd5 15. f3 e5 16. fxe4 Qxe4 17. Bf3 Qf5 18. dxe5 Rd8 19. Qb3+ Kh8 20. Rd1 Nd7 21. Qc3 Nxc5 22. h5 Rxd1+ 23. Kxd1 Rd8+ 24. Ke2 Ne4 25. Qxc6 Nc5 26. hxg6 Qc2+ 27. Kf1 h6 28. gxh6 Rd1+ 29. Bxd1 Qxd1+ 30. Kg2 Qg4+ 31. Bg3 Qe2+ 32. Bf2 Qg4+ 33. Bg3 Qe2+ 34. Kg1 Qd1+ 35. Kg2 Qe2+ 1/2-1/2